[Event "CRO Cup"]
[Site "Mali Losinj"]
[Date "2019.05.17"]
[Round "4.102"]
[White "Aleksic, Robert"]
[Black "Cupic, Lovro"]
[Result "0-1"]
[WhiteElo "2126"]
[BlackElo "2226"]
[PlyCount "92"]
[EventDate "2019.05.15"]
[EventType "team-swiss"]
[EventRounds "6"]
[EventCountry "CRO"]
[SourceTitle "CBM 190 Extra"]
[Source "ChessBase"]
[SourceDate "2019.07.15"]
[SourceVersion "1"]
[SourceVersionDate "2019.07.15"]
[SourceQuality "1"]
[WhiteTeam "Nasice Slavonac"]
[BlackTeam "Sveta Nedelja"]
[WhiteTeamCountry "CRO"]
[BlackTeamCountry "CRO"]

1. e4 c6 2. c4 d5 3. exd5 Nf6 4. Nc3 cxd5 5. cxd5 Nxd5 6. d4 Nc6 7. Nf3 g6 8. Bc4 Nxc3 9. bxc3 Bg7 10. 0-0 Qc7 11. Qe2 0-0 12. Bd2 Bg4 13. Bb3 e5 14. d5 Na5 15. h3 Bxf3 16. Qxf3 Nc4 17. Rfd1 Rac8 18. Rac1 Nxd2 19. Rxd2 Bh6 20. Rdc2 Bxc1 21. Rxc1 Qd6 22. Qe3 Rc5 23. Re1 f6 24. h4 Rfc8 25. c4 b6 26. h5 R5c7 27. hxg6 hxg6 28. Qh6 f5 29. c5 Rxc5 30. g4 R5c7 31. gxf5 Rh7 32. Qg5 Rh5 33. Qxg6+ Qxg6+ 34. fxg6 Kg7 35. Re3 Kxg6 36. Rd3 Kf6 37. Kf1 Rh4 38. Rg3 b5 39. Rf3+ Ke7 40. Rf5 Re4 41. f3 Re3 42. Kf2 Rcc3 43. Bd1 Kd6 44. Rf7 Red3 45. Rf6+ Kxd5 46. Bb3+ Kc5 0-1

[Event "CRO Cup"]
[Site "Mali Losinj"]
[Date "2019.05.16"]
[Round "3.72"]
[White "Aleksic, Robert"]
[Black "Bukal, Vladimir Jr"]
[Result "1/2-1/2"]
[WhiteElo "2126"]
[BlackElo "2396"]
[PlyCount "56"]
[EventDate "2019.05.15"]
[EventType "team-swiss"]
[EventRounds "6"]
[EventCountry "CRO"]
[SourceTitle "CBM 190 Extra"]
[Source "ChessBase"]
[SourceDate "2019.07.15"]
[SourceVersion "1"]
[SourceVersionDate "2019.07.15"]
[SourceQuality "1"]
[WhiteTeam "Nasice Slavonac"]
[BlackTeam "Zagreb Sesvete"]
[WhiteTeamCountry "CRO"]
[BlackTeamCountry "CRO"]

1. e4 e6 2. d4 d5 3. exd5 exd5 4. c4 Nf6 5. Bg5 Bb4+ 6. Nc3 0-0 7. Bd3 Qe8+ 8. Nge2 dxc4 9. Bxc4 Ne4 10. Be3 Nd6 11. Bd3 Nf5 12. Bxf5 Bxf5 13. Qb3 Nc6 14. 0-0 Bd6 15. Nb5 Qd7 16. Nxd6 Qxd6 17. Rac1 Bg4 18. f3 Bd7 19. Rfd1 Rfe8 20. Ng3 Qe6 21. Bf4 Qxb3 22. axb3 Nb4 23. Bxc7 Bc6 24. Bd6 Nd5 25. Re1 Rad8 26. Ba3 Nf4 27. Rxe8+ Rxe8 28. Rd1 h5 1/2-1/2

[Event "CRO Cup"]
[Site "Mali Losinj"]
[Date "2019.05.16"]
[Round "2.102"]
[White "Stojkovic, Andreja"]
[Black "Aleksic, Robert"]
[Result "1/2-1/2"]
[WhiteElo "1970"]
[BlackElo "2126"]
[PlyCount "67"]
[EventDate "2019.05.15"]
[EventType "team-swiss"]
[EventRounds "6"]
[EventCountry "CRO"]
[SourceTitle "CBM 190 Extra"]
[Source "ChessBase"]
[SourceDate "2019.07.15"]
[SourceVersion "1"]
[SourceVersionDate "2019.07.15"]
[SourceQuality "1"]
[WhiteTeam "Rijeka Junior"]
[BlackTeam "Nasice Slavonac"]
[WhiteTeamCountry "CRO"]
[BlackTeamCountry "CRO"]

1. e4 e6 2. d4 d5 3. e5 c5 4. c3 Nc6 5. Nf3 Qb6 6. a3 a5 7. Bd3 Bd7 8. dxc5 Bxc5 9. 0-0 Nge7 10. Nbd2 Ng6 11. Bxg6 hxg6 12. Nb3 Be7 13. Be3 Qc7 14. Bf4 a4 15. Nbd4 Na5 16. Re1 Ra6 17. Bg3 Rb6 18. Rb1 Nc4 19. Qc2 Rh5 20. h3 Kf8 21. Ne2 g5 22. Ned4 Bc5 23. Qe2 Be7 24. Qc2 Kg8 25. Qe2 Rh8 26. Qc2 Ra6 27. Qc1 Qd8 28. Qc2 Ra8 29. Rbd1 Rc8 30. Nh2 Qb6 31. Re2 Bc5 32. Nhf3 Rh5 33. Qc1 Qd8 34. Qc2 1/2-1/2

[Event "CRO Cup"]
[Site "Mali Losinj"]
[Date "2017.05.11"]
[Round "3.5"]
[White "Pikula, Dejan"]
[Black "Aleksic, Robert"]
[Result "1-0"]
[WhiteElo "2452"]
[BlackElo "2132"]
[PlyCount "53"]
[EventDate "2017.05.10"]
[EventType "team-swiss"]
[EventRounds "6"]
[EventCountry "CRO"]
[SourceTitle "CBM 178 Extra"]
[Source "ChessBase"]
[SourceDate "2017.06.22"]
[SourceVersion "1"]
[SourceVersionDate "2017.06.22"]
[SourceQuality "1"]
[WhiteTeam "Sesvete"]
[BlackTeam "Nasice Slavonac"]
[WhiteTeamCountry "CRO"]
[BlackTeamCountry "CRO"]

1. d4 d5 2. Bf4 e6 3. e3 Nf6 4. Nf3 Bd6 5. Ne5 a6 6. Nd2 Nbd7 7. Bd3 Qe7 8. Bg3 c5 9. c3 h5 10. f4 h4 11. Bf2 Nf8 12. Qf3 g6 13. Qh3 N6d7 14. Ndf3 Bxe5 15. dxe5 Nb6 16. Bxh4 Qd7 17. Qg3 Nh7 18. 0-0 Qc7 19. Rad1 Na4 20. Rd2 c4 21. Bb1 Nc5 22. e4 dxe4 23. Rd8+ Qxd8 24. Bxd8 Kxd8 25. Qh4+ Kc7 26. Qe7+ Nd7 27. Ng5 1-0

[Event "CRO Cup"]
[Site "Mali Losinj"]
[Date "2016.05.07"]
[Round "5.91"]
[White "Cherin, Diego"]
[Black "Aleksic, Robert"]
[Result "1-0"]
[WhiteElo "2214"]
[BlackElo "2191"]
[PlyCount "101"]
[EventDate "2016.05.04"]
[EventType "team-swiss"]
[EventRounds "6"]
[EventCountry "CRO"]
[SourceTitle "CBM 172 Extra"]
[Source "ChessBase"]
[SourceDate "2016.06.21"]
[SourceVersion "1"]
[SourceVersionDate "2016.06.21"]
[SourceQuality "1"]
[WhiteTeam "Rovinj Batana"]
[BlackTeam "Nasice Slavonac"]
[WhiteTeamCountry "CRO"]
[BlackTeamCountry "CRO"]

1. e4 e6 2. d4 d5 3. Nd2 dxe4 4. Nxe4 Nf6 5. Nxf6+ Qxf6 6. Nf3 h6 7. Bd3 Bd6 8. 0-0 b6 9. Be4 c6 10. Re1 0-0 11. b3 Bb7 12. Ne5 Qe7 13. Qh5 Bxe5 14. dxe5 f5 15. exf6 Qxf6 16. Ba3 Rd8 17. Rab1 Nd7 18. Re3 Qg5 19. Qxg5 hxg5 20. Be7 Re8 21. Bxg5 Nf6 22. Bg6 Re7 23. Rbe1 Bc8 24. f4 Bd7 25. f5 Rd8 26. fxe6 Be8 27. Bd3 Rd5 28. Rg3 Kf8 29. Rf1 Rxe6 30. Bc4 Bf7 31. Bxd5 cxd5 32. Rgf3 Ke7 33. Re3 Rxe3 34. Bxe3 Bg6 35. c3 Ke6 36. Bd4 Ne8 37. g4 Be4 38. h4 g6 39. h5 gxh5 40. gxh5 Nd6 41. h6 Nf7 42. Bg7 Ng5 43. Kf2 Kf7 44. Ke3+ Kg6 45. Rf6+ Kh7 46. Rd6 Kg8 47. Rd8+ Kh7 48. Rd7 a5 49. Bf6+ Kxh6 50. Bxg5+ Kxg5 51. Kd4 1-0

[Event "CRO Cup"]
[Site "Mali Losinj"]
[Date "2016.05.06"]
[Round "4.101"]
[White "Aleksic, Robert"]
[Black "Livaic, Leon"]
[Result "1/2-1/2"]
[WhiteElo "2191"]
[BlackElo "2428"]
[PlyCount "76"]
[EventDate "2016.05.04"]
[EventType "team-swiss"]
[EventRounds "6"]
[EventCountry "CRO"]
[SourceTitle "CBM 172 Extra"]
[Source "ChessBase"]
[SourceDate "2016.06.21"]
[SourceVersion "1"]
[SourceVersionDate "2016.06.21"]
[SourceQuality "1"]
[WhiteTeam "Nasice Slavonac"]
[BlackTeam "Novo Virje Konaki"]
[WhiteTeamCountry "CRO"]
[BlackTeamCountry "CRO"]

1. e4 e6 2. d4 d5 3. exd5 exd5 4. c4 Nf6 5. Nc3 Be7 6. Bg5 Nbd7 7. Nf3 0-0 8. Be2 dxc4 9. Bxc4 Nb6 10. Be2 h6 11. Bh4 Nfd5 12. Bg3 Bf5 13. 0-0 c6 14. Ne5 Bd6 15. Bf3 f6 16. Nxd5 Nxd5 17. Bxd5+ cxd5 18. Nd3 Bxg3 19. hxg3 Qb6 20. Nf4 Qxb2 21. Nxd5 Rae8 22. Ne3 Be4 23. Qa4 Kh8 24. Rfd1 Bc6 25. Qb3 Qxb3 26. axb3 a6 27. Rac1 Rc8 28. d5 Bb5 29. g4 g6 30. Kh2 Kg7 31. Kg3 Kf7 32. Kf4 Ke7 33. Ke4 Kd6 34. Kd4 Rce8 35. Re1 Re5 36. f4 Ree8 37. Nc4+ Kd7 38. Nb6+ Kd6 1/2-1/2

[Event "CRO Cup"]
[Site "Mali Losinj"]
[Date "2016.05.05"]
[Round "3.91"]
[White "Galic, Ivan"]
[Black "Aleksic, Robert"]
[Result "1-0"]
[WhiteElo "2355"]
[BlackElo "2191"]
[PlyCount "61"]
[EventDate "2016.05.04"]
[EventType "team-swiss"]
[EventRounds "6"]
[EventCountry "CRO"]
[SourceTitle "CBM 172 Extra"]
[Source "ChessBase"]
[SourceDate "2016.06.21"]
[SourceVersion "1"]
[SourceVersionDate "2016.06.21"]
[SourceQuality "1"]
[WhiteTeam "Dubrovnik"]
[BlackTeam "Nasice Slavonac"]
[WhiteTeamCountry "CRO"]
[BlackTeamCountry "CRO"]

1. e4 e6 2. d4 d5 3. Nc3 dxe4 4. Nxe4 Nf6 5. Nxf6+ Qxf6 6. Nf3 h6 7. Bd3 Bd6 8. 0-0 Bd7 9. Qe2 Nc6 10. c3 0-0-0 11. b4 Ne7 12. c4 Ng6 13. Bxg6 Qxg6 14. c5 Be7 15. b5 Bf6 16. Bf4 Qf5 17. Bg3 Be8 18. Qd2 b6 19. a4 Qd5 20. cxb6 axb6 21. Rfc1 c5 22. Qf4 e5 23. dxe5 Be7 24. a5 g5 25. Qa4 bxa5 26. Qxa5 Qb7 27. e6 fxe6 28. b6 Bc6 29. Ne5 Rd5 30. Nxc6 Qxc6 31. Qa8+ 1-0

[Event "CRO-chT2 Ost"]
[Site "Croatia"]
[Date "2015.05.09"]
[Round "5.11"]
[White "Jukic, Branimir"]
[Black "Aleksic, Robert"]
[Result "1-0"]
[WhiteElo "2389"]
[BlackElo "2197"]
[PlyCount "81"]
[EventDate "2015.04.25"]
[EventType "team-tourn"]
[EventRounds "11"]
[EventCountry "CRO"]
[SourceTitle "EXT 2016"]
[Source "ChessBase"]
[SourceDate "2015.10.08"]
[SourceVersion "1"]
[SourceVersionDate "2015.10.08"]
[SourceQuality "1"]

1. e4 c5 2. Nf3 e6 3. d4 cxd4 4. Nxd4 a6 5. Nc3 Qc7 6. Be2 b5 7. 0-0 Bb7 8. Bf3 Nc6 9. Nxc6 dxc6 10. a4 b4 11. Nb1 Bd6 12. g3 a5 13. Nd2 Ba6 14. Be2 Bxe2 15. Qxe2 Nf6 16. Nc4 Bc5 17. Bg5 Nd7 18. Rad1 0-0 19. Bf4 e5 20. Be3 Bxe3 21. Qxe3 Rfd8 22. Rd3 Nf6 23. Rfd1 Rxd3 24. Rxd3 h6 25. f3 Rd8 26. Qc5 Rxd3 27. cxd3 Nd7 28. Qxa5 Qb8 29. Kg2 Kh7 30. Qa6 Qc7 31. a5 f6 32. h4 h5 33. Qa8 Nc5 34. Qe8 g6 35. Qf8 Nxd3 36. Qxf6 Qa7 37. Nb6 Qxa5 38. Qf7+ Kh6 39. Qf8+ Kh7 40. Nd7 g5 41. Qf7+ 1-0

[Event "CRO-chT2 Ost"]
[Site "Croatia"]
[Date "2015.04.25"]
[Round "1.12"]
[White "Aleksic, Robert"]
[Black "Majeric, Zoran"]
[Result "0-1"]
[WhiteElo "2197"]
[BlackElo "2228"]
[PlyCount "127"]
[EventDate "2015.04.25"]
[EventType "team-tourn"]
[EventRounds "11"]
[EventCountry "CRO"]
[SourceTitle "EXT 2016"]
[Source "ChessBase"]
[SourceDate "2015.10.08"]
[SourceVersion "1"]
[SourceVersionDate "2015.10.08"]
[SourceQuality "1"]

1. e4 c5 2. Nf3 g6 3. c3 Bg7 4. d4 cxd4 5. cxd4 d5 6. e5 Nc6 7. h3 f6 8. exf6 Nxf6 9. Nc3 Ne4 10. Be3 0-0 11. Qb3 Nxc3 12. bxc3 Kh8 13. Be2 Rb8 14. a4 b6 15. 0-0 Be6 16. Nd2 Qd6 17. Rac1 Rbc8 18. Rfd1 Bg8 19. Qb5 Be6 20. Nb3 Bd7 21. Qd3 Qa3 22. Qb1 Bf5 23. Bd3 Bxd3 24. Rxd3 Qxa4 25. Rd2 Nb8 26. Ra2 Qd7 27. Nd2 Nc6 28. Qb5 Rc7 29. Nb3 Ne5 30. Qxd7 Nxd7 31. Kf1 Rfc8 32. Bd2 a5 33. Ke2 Rc4 34. Rca1 Kg8 35. Nc1 e5 36. dxe5 Bxe5 37. Ra3 Bxc3 38. Rxc3 Rxc3 39. Bxc3 Rxc3 40. Kd2 Rc4 41. Rb1 Kf7 42. Nd3 Ke6 43. Re1+ Kd6 44. Re8 Re4 45. Rd8 Re7 46. f4 Kc7 47. Ra8 Kb7 48. Rd8 Kc6 49. g4 Kc7 50. Ra8 Nb8 51. Ra7+ Kd6 52. Ra8 Rb7 53. Kc3 Nc6 54. Rf8 d4+ 55. Kb3 b5 56. f5 gxf5 57. gxf5 a4+ 58. Ka3 Re7 59. Rf6+ Kc7 60. Nf4 Re3+ 61. Kb2 a3+ 62. Ka1 Nb4 63. Re6 Rf3 64. Ng2 0-1

[Event "CRO-chT2 East"]
[Site "Osijek"]
[Date "2013.04.20"]
[Round "1.24"]
[White "Aleksic, Robert"]
[Black "Dabic, Stanko"]
[Result "1-0"]
[WhiteElo "2216"]
[BlackElo "2188"]
[PlyCount "113"]
[EventDate "2013.04.20"]
[EventType "team-tourn"]
[EventRounds "11"]
[EventCountry "CRO"]
[SourceTitle "EXT 2023"]
[Source "ChessBase"]
[SourceDate "2022.10.05"]
[SourceVersion "1"]
[SourceVersionDate "2022.10.05"]
[SourceQuality "1"]

1. e4 c5 2. Nf3 e6 3. d4 cxd4 4. Nxd4 a6 5. Bd3 Nc6 6. Be3 Nf6 7. 0-0 d5 8. Nxc6 bxc6 9. e5 Nd7 10. f4 Bc5 11. Bf2 Qb6 12. b3 0-0 13. Nc3 g6 14. Na4 Bxf2+ 15. Rxf2 Qe3 16. Qf1 f6 17. Re1 Qd4 18. c3 Qa7 19. exf6 Nxf6 20. h3 a5 21. Kh2 Bd7 22. g3 Rae8 23. Qg1 e5 24. Rfe2 Qxg1+ 25. Kxg1 exf4 26. gxf4 Bxh3 27. Rxe8 Rxe8 28. Rxe8+ Nxe8 29. Nc5 Bc8 30. b4 axb4 31. cxb4 Nc7 32. a4 Kf7 33. a5 Ne6 34. a6 Nxc5 35. bxc5 Kf6 36. Kf2 h6 37. Kf3 g5 38. f5 h5 39. a7 Bb7 40. Kg3 Ke5 41. Kf3 d4 42. Be4 g4+ 43. Kg3 Kxe4 44. f6 d3 45. f7 d2 46. f8Q d1Q 47. Qe7+ Kd3 48. Qxb7 Qe1+ 49. Kf4 Qe3+ 50. Kf5 Qxc5+ 51. Kg6 Qd6+ 52. Kh7 g3 53. a8Q g2 54. Qb3+ Ke4 55. Qe8+ Kf5 56. Qxh5+ Kf4 57. Qbf3# 1-0

[Event "Osijek Baranja CupT 6th"]
[Site "Osijek"]
[Date "2013.03.08"]
[Round "1.2"]
[White "Lucan, Darko"]
[Black "Aleksic, Robert"]
[Result "0-1"]
[WhiteElo "1908"]
[BlackElo "2216"]
[PlyCount "74"]
[EventDate "2013.03.08"]
[EventType "team-tourn"]
[EventRounds "5"]
[EventCountry "CRO"]
[SourceTitle "EXT 2014"]
[Source "ChessBase"]
[SourceDate "2013.11.20"]
[SourceVersion "1"]
[SourceVersionDate "2013.11.20"]
[SourceQuality "1"]

1. e4 c5 2. c3 d5 3. Nf3 Nc6 4. exd5 Qxd5 5. Be2 e5 6. 0-0 Nf6 7. Na3 Bg4 8. h3 Bh5 9. Nh2 Bxe2 10. Qxe2 Be7 11. d3 Rd8 12. Rd1 0-0 13. Be3 Rfe8 14. Ng4 Nd7 15. Nb5 Rc8 16. Nh2 a6 17. c4 Qe6 18. Nc3 f5 19. Nd5 Bd8 20. Bd2 Nd4 21. Qh5 g6 22. Qh6 f4 23. Ng4 Nf5 24. Nxf4 Qd6 25. Nd5 Nxh6 26. Nxh6+ Kg7 27. f4 Nf6 28. fxe5 Rxe5 29. Nxf6 Bxf6 30. Ng4 Re2 31. Bh6+ Kg8 32. Rf1 Bg7 33. Rf3 Rf8 34. Rxf8+ Kxf8 35. Rf1+ Kg8 36. Rf4 Bxh6 37. Nxh6+ Kg7 0-1